[Event "Corrientes op 2nd"]
[Site "Corrientes"]
[Date "2023.03.26"]
[Round "6"]
[White "Salgado, Gabriel"]
[Black "Montenegro, Lautaro"]
[Result "0-1"]
[WhiteElo "1658"]
[BlackElo "1803"]
[PlyCount "60"]
[EventDate "2023.03.24"]
[EventType "swiss"]
[EventRounds "6"]
[EventCountry "ARG"]
[SourceTitle "CBM 213 Extra"]
[Source "ChessBase"]
[SourceDate "2023.05.31"]
[SourceVersion "1"]
[SourceVersionDate "2023.05.31"]
[SourceQuality "1"]

1. d4 Nf6 2. Bf4 d5 3. e3 c5 4. c3 e6 5. Nd2 Nc6 6. Ngf3 Bd6 7. Bg3 0-0 8. Bd3 h6 9. Qe2 a6 10. e4 Bxg3 11. hxg3 cxd4 12. cxd4 dxe4 13. Nxe4 Nxd4 14. Nxd4 Qxd4 15. Rh4 Nxe4 16. Rxe4 Qb6 17. Rh4 e5 18. Qxe5 Bg4 19. Kf1 Rfe8 20. Qc3 Rac8 21. Qa3 Rc2 22. Bxc2 Re2 23. Qe3 Rxe3 24. fxe3 Qxb2 25. Re1 h5 26. Bb3 g5 27. Rh1 b5 28. Kg1 a5 29. Kh2 Bf3 30. Rhg1 a4 0-1

[Event "Corrientes op 2nd"]
[Site "Corrientes"]
[Date "2023.03.24"]
[Round "2"]
[White "Montenegro, Lautaro"]
[Black "Ringeloth, Walter"]
[Result "1/2-1/2"]
[WhiteElo "1803"]
[BlackElo "1620"]
[PlyCount "68"]
[EventDate "2023.03.24"]
[EventType "swiss"]
[EventRounds "6"]
[EventCountry "ARG"]
[SourceTitle "CBM 213 Extra"]
[Source "ChessBase"]
[SourceDate "2023.05.31"]
[SourceVersion "1"]
[SourceVersionDate "2023.05.31"]
[SourceQuality "1"]

1. e4 g6 2. d4 Bg7 3. Nc3 d5 4. Be3 dxe4 5. Nxe4 Nc6 6. Ne2 Nf6 7. Nxf6+ Bxf6 8. Qd2 a5 9. 0-0-0 Nb4 10. a3 Nd5 11. Bh6 b5 12. Nf4 c6 13. Be2 b4 14. a4 Nb6 15. b3 Nd5 16. Nxd5 cxd5 17. g4 Rg8 18. h4 Be6 19. f4 Rc8 20. Bb5+ Bd7 21. Qe2 Qb6 22. Bxd7+ Kxd7 23. Bg5 Rc7 24. Bxf6 Qxf6 25. Kb1 Rgc8 26. Rd2 Rc3 27. Qb5+ Qc6 28. Qxa5 Rxc2 29. Qxb4 Rc1+ 30. Rxc1 Qxc1+ 31. Ka2 Rc2+ 32. Rxc2 Qxc2+ 33. Ka1 Qc1+ 34. Ka2 Qc2+ 1/2-1/2

[Event "Posadas Misionera op"]
[Site "Posadas"]
[Date "2022.08.14"]
[Round "3"]
[White "Montenegro, Lautaro"]
[Black "Kropff, Ricardo"]
[Result "0-1"]
[WhiteElo "1764"]
[BlackElo "2121"]
[PlyCount "96"]
[EventDate "2022.08.13"]
[EventType "swiss"]
[EventRounds "6"]
[EventCountry "ARG"]
[SourceTitle "EXT 2023"]
[Source "ChessBase"]
[SourceDate "2022.10.05"]
[SourceVersion "1"]
[SourceVersionDate "2022.10.05"]
[SourceQuality "1"]

1. e4 d6 2. d4 Nf6 3. Nc3 g6 4. Nf3 Bg7 5. h3 0-0 6. Bd3 a6 7. 0-0 b5 8. e5 Nfd7 9. exd6 cxd6 10. Be4 Ra7 11. Be3 Nf6 12. Bd3 Nbd7 13. a3 Rc7 14. Re1 Bb7 15. Nh2 Qa8 16. Bf1 Rfc8 17. Bd2 Nb6 18. Ng4 Nc4 19. Bxc4 Rxc4 20. Ne3 Rxd4 21. Ne2 Re4 22. Ng3 Re5 23. f4 Rec5 24. c3 e5 25. fxe5 dxe5 26. Re2 Rd8 27. Qf1 Ne4 28. Be1 Nxg3 29. Bxg3 f5 30. Bh4 Rd7 31. Rd1 Rcc7 32. Red2 Bc6 33. Rxd7 Rxd7 34. Rxd7 Bxd7 35. Qd3 Qc6 36. Nd5 Kf7 37. Nb4 e4 38. Qd2 Qe6 39. Nxa6 e3 40. Qd1 e2 41. Qd2 Bf6 42. Be1 Bc6 43. Nb4 Bb7 44. Qf4 Be5 45. Qh4 Kg8 46. Qg5 Bc7 47. Qh4 Bb6+ 48. Kh2 Qe3 0-1

[Event "Corrientes Verdad y Justicia Cup"]
[Site "Corrientes"]
[Date "2022.03.27"]
[Round "5"]
[White "Montenegro, Lautaro"]
[Black "Jimenez, Joaquin Rodrigo"]
[Result "1-0"]
[WhiteElo "1610"]
[BlackElo "2267"]
[PlyCount "61"]
[EventDate "2022.03.26"]
[EventType "swiss"]
[EventRounds "6"]
[EventCountry "ARG"]
[SourceTitle "EXT 2023"]
[Source "ChessBase"]
[SourceDate "2022.10.05"]
[SourceVersion "1"]
[SourceVersionDate "2022.10.05"]
[SourceQuality "1"]

1. e4 e5 2. Nf3 Nc6 3. Bc4 Nf6 4. d3 Be7 5. c3 0-0 6. 0-0 d6 7. Nbd2 Na5 8. Bb5 a6 9. Ba4 b5 10. Bc2 c5 11. Re1 Re8 12. Nf1 Bf8 13. Bg5 h6 14. Be3 d5 15. Ng3 Nc6 16. Bd2 d4 17. h3 Be6 18. a4 c4 19. axb5 axb5 20. Qe2 Bc5 21. Nh4 Qd7 22. Nhf5 Rad8 23. Red1 dxc3 24. Bxc3 Nd4 25. Nxd4 Bxd4 26. dxc4 Bxc4 27. Qf3 Qc6 28. b4 Kh7 29. Bxd4 exd4 30. e5+ d3 31. Bxd3+ 1-0

[Event "Corrientes op"]
[Site "Corrientes"]
[Date "2021.08.15"]
[Round "4"]
[White "Sandoval, Nahuel"]
[Black "Montenegro, Lautaro"]
[Result "1/2-1/2"]
[WhiteElo "1587"]
[BlackElo "1689"]
[PlyCount "87"]
[EventDate "2021.08.14"]
[EventType "swiss"]
[EventRounds "6"]
[EventCountry "ARG"]
[SourceTitle "EXT 2022"]
[Source "ChessBase"]
[SourceDate "2021.10.06"]
[SourceVersion "1"]
[SourceVersionDate "2021.10.06"]
[SourceQuality "1"]

1. e4 e5 2. Nf3 Nf6 3. Nxe5 d6 4. Nf3 Nxe4 5. Nc3 Nxc3 6. dxc3 Bg4 7. Be3 Nc6 8. h3 Bd7 9. Bd3 Be7 10. Qd2 0-0 11. 0-0-0 Be6 12. Kb1 d5 13. Ng5 Bxg5 14. Bxg5 Qd6 15. f4 f6 16. Bh4 Rad8 17. g4 d4 18. cxd4 Bd5 19. Rhg1 Nxd4 20. Qf2 Nf3 21. c4 Nxg1 22. cxd5 Nxh3 23. Qh2 Qxf4 24. Qxh3 Qh6 25. Qh2 g5 26. Bg3 Qxh2 27. Bxh2 Kg7 28. Bf5 Rf7 29. Rc1 Re7 30. Be6 c6 31. dxc6 bxc6 32. Rxc6 Rd1+ 33. Kc2 Re1 34. Bc4 R1e2+ 35. Bxe2 Rxe2+ 36. Kc3 Rxh2 37. Rc7+ Kg6 38. Rxa7 h5 39. gxh5+ Rxh5 40. a4 g4 41. Ra8 Rg5 42. Rg8+ Kf5 43. Rxg5+ Kxg5 44. a5 1/2-1/2